000 01188cam a22002054a 4500
005 20250605163946.0
008 250528s ||||||||||||||||||||||||d
035 _a15220
020 _a132882833
040 _aGR-AtMCL
_bgre
_dGR-AtMCL
_eAACR2
245 1 _aFinancial Analysis / Second Edition
250 _a2nd
260 _bPrentice Hall,
_c1995
300 _a390
520 _aThe book is a demanding mix of interdisciplinary techniques which incorporates a broad spectrum of methodologies and theories drawn from finance, economics, statistics, accounting, strategy and sociology. Preface, Financial Analysis and Financial Introduction, Financial Statements and Creativity, Ratio Analysis: Methods and Issues, Time-Series and Forecasting, Capital Markets and Asset Pricing, Accounting and Value and the Capital Market, Links Between Accounting Numbers and Economic Fundamentals, Corporate Takeovers and Allied Activity, Corporate Failure Prediction and Credit Evaluation, Social and Environmental and Employee Reporting, Regulation of Accounting, Notes, References, Author and Subject Index.
700 1 _aRees Bill
_91107
942 _cBK
999 _c814
_d814